Подробности
| 000 -МАРКЕР |
| контрольное поле |
02283nam0a22003011 4500 |
| 001 - ИДЕНТИФИКАТОР ЗАПИСИ |
| контрольное поле |
rc\4328129 |
| 005 - ИДЕНТИФИКАТОР ВЕРСИИ |
| контрольное поле |
20250612051225.0 |
| 021 ## - НОМЕР ГОСУДАРСТВЕННОЙ РЕГИСТРАЦИИ |
| Код страны |
Российская Федерация |
| Номер |
[62-82ж] |
| 035 ## - ДРУГИЕ СИСТЕМНЫЕ НОМЕРА |
| Идентификатор записи |
(NLR Aleph) 008516598 |
| 100 ## - ДАННЫЕ ОБЩЕЙ ОБРАБОТКИ |
| Данные общей обработки |
20130416d1961 |||y0rusy50 ca |
| 101 0# - ЯЗЫК РЕСУРСА |
| Язык текста, звукозаписи и т.д. |
русский |
| 102 ## - СТРАНА ПУБЛИКАЦИИ ИЛИ ПРОИЗВОДСТВА |
| Страна публикации |
Российская Федерация |
| 105 ## - ПОЛЕ КОДИРОВАННЫХ ДАННЫХ: ТЕКСТОВЫЕ МАТЕРИАЛЫ, МОНОГРАФИЧЕСКИЕ |
| Кодированные данные о монографическом текстовом документе |
y z ||||| |
| 200 1# - ЗАГЛАВИЕ И СВЕДЕНИЯ ОБ ОТВЕТСТВЕННОСТИ |
| Основное заглавие |
Вопросы астрофизики и атмосферной оптики |
| Сведения, относящиеся к заглавию |
Фотометр. наблюдения Зодиакального света |
| Первые сведения об ответственности |
[Ред. коллегия: ... В.Г. Фесенков (отв. ред.) и др.] |
| 210 ## - ПУБЛИКАЦИЯ, РАСПРОСТРАНЕНИЕ И ДР. |
| Место издания, распространения и т.д. |
Алма-Ата |
| Имя издателя, распространителя и т. д. |
Изд-во Акад. наук КазССР |
| Дата издания, распространения и т.д. |
1961 |
| 215 ## - ФИЗИЧЕСКАЯ ХАРАКТЕРИСТИКА |
| Специфическое обозначение материала и объем |
123 с. |
| Размеры |
27 |
| 225 1# - СЕРИЯ |
| Основное заглавие серии |
Академия наук КазССР. Труды Астрофизического института |
| Обозначение тома |
Т. 2 |
| 327 1# - ПРИМЕЧАНИЯ О СОДЕРЖАНИИ |
| Текст примечания |
Содерж.: Фотометр. наблюдения Зодиакального света бинокулярным фотометром, провед. осенью 1957 г. в Ливийской пустыне / В.Г. Фесенков. Фотоэлектр. наблюдения Зодиакального света / Н. Б. Дивари и А.С. Асаад |
| 464 #0 - АНАЛИТИЧЕСКИЙ УРОВЕНЬ |
| Встроенное поле |
2001#$aФотоэлектрические наблюдения Зодиакального света |
| -- |
700#1$aДивари$bН.Б. |
| -- |
701#1$aАссад$bА.С. |
| Заглавие |
Фотоэлектрические наблюдения Зодиакального света |
| Автор |
Дивари, Н.Б. |
| 464 #0 - АНАЛИТИЧЕСКИЙ УРОВЕНЬ |
| Встроенное поле |
2001#$aФотометрические наблюдения Зодиакального света бинокулярным фотометром, проведенные осенью 1957 г. в Ливийской пустыне |
| -- |
700#1$aФесенков$bВ.Г. |
| Заглавие |
Фотометрические наблюдения Зодиакального света бинокулярным фотометром, проведенные осенью 1957 г. в Ливийской пустыне |
| Автор |
Фесенков, В.Г. |
| 606 ## - НАИМЕНОВАНИЕ ТЕМЫ КАК ПРЕДМЕТ |
| Наименование темы |
Зодиакальный свет |
| Тематический подзаголовок |
Наблюдения |
| Код системы |
psbo |
| 702 #1 - ИМЯ ЛИЦА - ВТОРИЧНАЯ ОТВЕТСТВЕННОСТЬ |
| Начальный элемент ввода |
Фесенков |
| Часть имени, кроме начального элемента ввода |
В.Г. |
| Расширение инициалов личного имени |
Василий Григорьевич |
| Код отношения |
Редактор |
| 801 #0 - ИСТОЧНИК ЗАПИСИ |
| Страна |
Российская Федерация |
| Организация |
NLR |
| Правила каталогизации |
psbo |
| 801 #1 - ИСТОЧНИК ЗАПИСИ |
| Страна |
Российская Федерация |
| Организация |
ELAR |
| Источник данных |
rusmarc |
| 852 ## - МЕСТОНАХОЖДЕНИЕ И ШИФР ХРАНЕНИЯ |
| Идентификатор организации |
NLR |
| Шифр хранения (Call Number) |
П8/543 |
| 942 ## - ДОПОЛНИТЕЛЬНЫЕ ЭЛЕМЕНТЫ ЗАПИСИ (АБИС) |
| Тип экземпляра АБИС |
Книга |
| 980 ## - КОЛЛЕКЦИЯ |
| Название коллекции |
Национальная библиография |